Citrus Research e Technology (Brazil) (Registro n. 86428)
[ somente texto ]
| 000 -LÍDER | |
|---|---|
| Campo de controle fixo | 00861nas a2200253 4500 |
| 003 - CÓDIGO MARC DA AGÊNCIA CATALOGADORA | |
| Campo de controle | BR-BrBNA |
| 005 - DATA E HORA DA ÚLTIMA ATUALIZAÇÃO | |
| Campo de controle | 20231009090754.0 |
| 008 - CAMPO DE TAMANHO FIXO | |
| Campo fixo de controle | 231006b bl.||||| |||| 00| 0 por d |
| 022 ## - ISSN - INTERNATIONAL STANDARD SERIAL NUMBER | |
| Número do ISSN | 2177-5419 |
| 035 ## - CÓDIGO BINAGRI | |
| Número BINAGRI | 000485-5 |
| 040 ## - FONTE DA CATALOGAÇÃO | |
| Agência catalogadora | BR-BrBNA |
| Idioma da catalogação | Por |
| 042 ## - CÓDIGO SIPS | |
| Código do periódico CCN | 102815-4 |
| 245 ## - TÍTULO PRINCIPAL | |
| Título principal | Citrus Research e Technology (Brazil) |
| 247 ## - TÍTULO ANTERIOR | |
| Título | Continuação de: Laranja : Revista Técnico Científica de Citricultura |
| Data ou designação sequencial | 2010 v. 31(1)- |
| 260 ## - IMPRENTA (PUBLICAÇÃO, DISTRIBUIÇÃO, ETC.) | |
| Lugar de publicação, distribuição, etc. | Cordeirópolis, SP |
| Nome do editor, distribuidor, etc. | Instituto Agronômico. Centro APTA Citros Sylvio Moreira |
| 650 ## - ENTRADA DE ASSUNTO - ASSUNTO TÓPICO | |
| Fonte do cabeçalho ou term | Thesaurus Agrícola Nacional |
| 650 ## - ENTRADA DE ASSUNTO - ASSUNTO TÓPICO | |
| Fonte do cabeçalho ou term | FRUTA CITRICA |
| 909 ## - IDENTIFICAÇÃO DO CATALOGADOR | |
| Ano e mês da catalogação (aaaamm) | 202310 |
| Identificação do catalogador | LES |
| 942 ## - TIPO ESPECÍFICO | |
| Tipo de material | Periódico |
| 505 ## - NOTA DE COLEÇÃO | |
| Nota de conteúdo | 2010 31(1); 2010 31(2); 2010 31(3); 2010 31(suplemento); 2011 32(1); 2011 32(2); 2010 32(3) |
| 650 ## - ENTRADA DE ASSUNTO - ASSUNTO TÓPICO | |
| Cabeçalho tópico seguindo nome geográfico | FRUTA CITRICA |
| 856 ## - ACESSO E ENDEREÇO ELETRÔNICO | |
| Identificador uniforme de recurso - URI | https://citrusrt.ccsm.br/archive |
| Status de empréstimo | Fonte de classificação | Status de danificação | Não pode ser emprestado | Código da coleção | Localização permanente | Localização atual | Localização na estante | Enumeração de periódico | Total Checkouts | Date last seen | Tipo de material | Perdido | Data de aquisição | Fonte de aquisição | Qualificador de localização codificada | Preço | Número de inventário | Preço para reposição | Preço efetivo a partir de |
|---|---|---|---|---|---|---|---|---|---|---|---|---|---|---|---|---|---|---|---|
| AGRIS | PERIÓDICOS | 41918 | 41918 | AGROBASE PER | 2010 31(1) | 06/10/2023 | CR | ||||||||||||
| AGRIS | PERIÓDICOS | 41918 | 41918 | AGROBASE PER | 2010 31(2) | 09/10/2023 | CR | ||||||||||||
| AGRIS | PERIÓDICOS | 41918 | 41918 | AGROBASE PER | 2010 31(suplemento) | 09/10/2023 | CR | ||||||||||||
| AGRIS | PERIÓDICOS | 41918 | 41918 | AGROBASE PER | 2011 32(1) | 09/10/2023 | CR | ||||||||||||
| AGRIS | PERIÓDICOS | 41918 | 41918 | AGROBASE PER | 2011 32(2) | 09/10/2023 | CR | ||||||||||||
| AGRIS | PERIÓDICOS | 41918 | 41918 | AGROBASE PER | 2011 32(3) | 09/10/2023 | CR |

BINAGRI